Tính toán thiết kế hệ dẫn động cơ khí
Giới thiệu các loại thiết kế: kết cấu, kết cấu trục, chi tiết truyền động, gối đỡ trục, khớp nối, chi tiết đúc, chi tiết hàn vỏ hộp giảm tốc, hệ máy và kĩ thuật lắp ghép, dung sai, phương pháp trình bày bản vẽ....
Guardado en:
| Autor principal: | |
|---|---|
| Formato: | Libro |
| Lenguaje: | Undetermined |
| Publicado: |
Hà Nội
Giáo dục
2008
|
| Materias: | |
| Etiquetas: |
Agregar Etiqueta
Sin Etiquetas, Sea el primero en etiquetar este registro!
|
| Thư viện lưu trữ: | Trung tâm Học liệu Trường Đại học Cần Thơ |
|---|
| LEADER | 00996nam a2200217Ia 4500 | ||
|---|---|---|---|
| 001 | CTU_136604 | ||
| 008 | 210402s9999 xx 000 0 und d | ||
| 020 | |c 36500 | ||
| 082 | |a 621.82 | ||
| 082 | |b Ch124/T.1 | ||
| 100 | |a Trịnh, Chất | ||
| 245 | 0 | |a Tính toán thiết kế hệ dẫn động cơ khí | |
| 245 | 0 | |c Trinh Chất, Lê Văn Uyển | |
| 260 | |a Hà Nội | ||
| 260 | |b Giáo dục | ||
| 260 | |c 2008 | ||
| 520 | |a Giới thiệu các loại thiết kế: kết cấu, kết cấu trục, chi tiết truyền động, gối đỡ trục, khớp nối, chi tiết đúc, chi tiết hàn vỏ hộp giảm tốc, hệ máy và kĩ thuật lắp ghép, dung sai, phương pháp trình bày bản vẽ. | ||
| 650 | |a Machine design,Thiết kế máy | ||
| 650 | |x Machine parts,Chi tiết máy | ||
| 904 | |i Trọng Hiếu | ||
| 980 | |a Trung tâm Học liệu Trường Đại học Cần Thơ | ||